Introduction to the theory of analytic spaces / (Record no. 8274)
[ view plain ]
| 000 -LEADER | |
|---|---|
| fixed length control field | 01015cam a22002891 4500 |
| 001 - CONTROL NUMBER | |
| control field | 8274 |
| 003 - CONTROL NUMBER IDENTIFIER | |
| rucl marc code | BD-RjUL |
| 005 - DATE AND TIME OF LATEST TRANSACTION | |
| control field | 20211208234545.0 |
| 008 - FIXED-LENGTH DATA ELEMENTS--GENERAL INFORMATION | |
| fixed length control field | 180114s1966 gw b 000 0 eng |
| 035 ## - SYSTEM CONTROL NUMBER | |
| System control number | (BD-RjUL)8319 |
| 040 ## - CATALOGING SOURCE | |
| Original cataloging agency | DLC |
| Transcribing agency | DLC |
| Modifying agency | OCoLC |
| -- | DLC |
| -- | BD-RjUL |
| Language of cataloging | eng |
| 041 ## - LANGUAGE CODE | |
| Language code of text/sound track or separate title | eng |
| 082 00 - DEWEY DECIMAL CLASSIFICATION NUMBER | |
| Classification number | 517.8 |
| Edition number | 18 |
| Author mark and year | NAI 1966 |
| 100 1# - MAIN ENTRY--PERSONAL NAME | |
| Personal name | Narasimhan, Raghavan. |
| 9 (RLIN) | 25808 |
| 245 10 - TITLE STATEMENT | |
| Title | Introduction to the theory of analytic spaces / |
| Statement of responsibility, etc. | Raghavan Narasimhan. |
| 260 ## - PUBLICATION, DISTRIBUTION, ETC. (IMPRINT) | |
| Place of publication, distribution, etc. | Berlin : |
| -- | New York : |
| Name of publisher, distributor, etc. | Springer-Verlag, |
| Date of publication, distribution, etc. | c1966. |
| 300 ## - PHYSICAL DESCRIPTION | |
| Pagination | 143 p. ; |
| Size | 28 cm. |
| 490 1# - SERIES STATEMENT | |
| Series statement | Lecture notes in mathematics, |
| Volume/sequential designation | 25 |
| 500 ## - GENERAL NOTE | |
| General note | Seminar lectures given at the Eidgenössische Technische Hochschule, Forschungsinstitut für Mathematik, Zurich. |
| 504 ## - BIBLIOGRAPHY, ETC. NOTE | |
| Bibliography, etc | Includes bibliographical references. |
| 650 #0 - SUBJECT ADDED ENTRY--TOPICAL TERM | |
| Topical term or geographic name as entry element | Functions of several complex variables. |
| 9 (RLIN) | 21202 |
| 830 #0 - SERIES ADDED ENTRY--UNIFORM TITLE | |
| Volume number/sequential designation | 25. |
| Uniform title | Lecture notes in mathematics (Springer-Verlag) ; |
| 942 ## - ADDED ENTRY ELEMENTS (KOHA) | |
| Source of classification or shelving scheme | Dewey Decimal Classification |
| Koha item type | Books |
| Lost status | Source of classification or shelving scheme | Damaged status | Not for loan | Permanent Location | Current Location | Shelving location | Date acquired | Source of acquisition | Cost, normal purchase price | Total Checkouts | Full call number | Date last seen | Copy number | Koha item type |
|---|---|---|---|---|---|---|---|---|---|---|---|---|---|---|
| Dewey Decimal Classification | Not For Loan | Central Library, University of Rajshahi | Central Library, University of Rajshahi | 03/05/1968 | Swets & Zeitlinger. | 0.00 | 517.8 NAI 1966 | 18/01/2014 | C-1 | Books |